[Event "7th RTU Open 2017"]
[Site "Riga"]
[Date "2017.08.08"]
[Round "2"]
[White "Shirov, Alexei"]
[Black "Krivonosov, Oleg"]
[Result "1/2-1/2"]
[WhiteElo "2648"]
[BlackElo "2397"]
[Annotator "TA"]
[PlyCount "65"]
[EventDate "2017.??.??"]
[EventType "swiss"]
[EventCountry "LAT"]
[SourceTitle "playchess.com"]
[Source "ChessBase"]
[SourceQuality "1"]

{[%evp 13,65,6,18,14,13,13,14,15,13,15,26,23,25,16,15,8,4,-17,8,-35,-22,-29,-32,-24,-11,0,15,-54,-25,-58,-56,-70,-17,-30,0,0,0,-7,-7,-12,0,0,0,0,0,-6,-7,-6,0,0,0,0,0,0]} 1. e4 e5 2. Bc4 Nf6 3. d3 Nc6 4. Nc3 Na5 5. Bb3 Nxb3 6. axb3 d5 7. exd5 Bb4 8. Nf3 {C28: Vienna Game: 2...Nf6 3 Bc4 Nc6} Nxd5 9. Bd2 Nxc3 10. Bxc3 Bxc3+ 11. bxc3 O-O 12. O-O f6 13. Qe2 {[#]} Bg4 $146 ({Find the theoretical novelty and annotate with similar games:} 13... Qd5 14. c4 Qd6 {½-½ (14) Pauwels,C (2551)-Freeman,M (2515) ICCF email 2010}) 14. Ra4 Bd7 15. Rh4 Bc6 16. Nd2 {[%cal Bf3d2,Bd2c4,Bc4e3,Be3f5][%mdl 32]} Qe8 17. Nc4 a5 18. Ne3 a4 19. bxa4 $1 Rxa4 20. c4 (20. Rxa4 $11 Bxa4 21. Ra1) 20... Ra5 21. Nf5 b6 22. d4 Bd7 ({Better is} 22... Qd7 $15 23. Ng3 exd4) 23. Ne3 $11 exd4 24. Rxd4 {The position is equal.} Bc6 25. Rfd1 Re5 26. h3 $1 h6 27. Qd2 Qg6 28. Rg4 Rg5 29. Qd4 Re8 30. Qf4 Re7 31. Rd8+ Kh7 32. Rc8 h5 33. Rxg5 {Precision: White = 60%, Black = 56%.} 1/2-1/2

[Event "7th RTU Open 2017"]
[Site "Riga"]
[Date "2017.08.08"]
[Round "2"]
[White "Onischuk, Vladimir"]
[Black "Rakesh Kumar Jena"]
[Result "1-0"]
[WhiteElo "2610"]
[BlackElo "2394"]
[Annotator "TA"]
[PlyCount "37"]
[EventDate "2017.??.??"]
[EventType "swiss"]
[EventCountry "LAT"]
[SourceTitle "playchess.com"]
[Source "ChessBase"]
[SourceQuality "1"]

{[%evp 13,37,5,25,0,14,2,10,7,36,36,44,58,102,100,194,219,200,195,360,146,250,245,251,252,252,252]} 1. e4 c5 2. Nf3 e6 3. b3 b6 4. Bb2 Bb7 5. Nc3 Nf6 (5... a6 6. Qe2 Nc6 7. O-O-O Nge7 8. Qe3 Qc7 9. Kb1 b5 10. h4 O-O-O 11. h5 h6 12. Rh3 d5 13. exd5 exd5 {1-0 (41) Tomashevsky,E (2728)-Navara,D (2734) Huaian 2016}) 6. e5 {B40: Sicilian: 2...e6, Unusual lines} Nd5 7. Nxd5 Bxd5 {LiveBook: 4 Games} 8. Be2 {White has an edge.} Be7 9. c4 $146 ({Predecessor:} 9. O-O O-O 10. c4 Bb7 11. d4 f6 12. dxc5 bxc5 13. exf6 Bxf6 14. Bxf6 Rxf6 {1-0 (57) Tworzydlo,P (2153)-Zawadzka,J (2391) Wroclaw 2013}) 9... Bb7 10. d4 cxd4 11. Qxd4 Nc6 12. Qg4 Bb4+ 13. Kf1 $1 O-O (13... Qc7 $16) 14. h4 $1 $18 Be7 15. Bd3 $1 {[%cal Rd3h7] White wants to mate with Bxh7+!} g6 $2 {[#]} (15... h6 {keeps fighting.}) 16. Rd1 (16. h5 $1 $18 {[%cal Rh5g6] is the precise move to win.} f5 17. exf6 Bxf6 18. hxg6 Bxb2 19. g7 Bxa1 20. gxf8=N+ (20. Bxh7+ Kf7 $11) 20... Kxf8 21. Ng5) 16... f5 {[#]} (16... Nb4 $16) 17. exf6 $1 Bxf6 18. Ba3 {Hoping for Bxg6.} Rf7 19. Be4 {Precision: White = 57%, Black = 14%.} 1-0

[Event "7th RTU Open 2017"]
[Site "Riga"]
[Date "2017.08.08"]
[Round "2"]
[White "Kovchan, Alexander"]
[Black "Mandizha, Farai"]
[Result "0-1"]
[WhiteElo "2587"]
[BlackElo "2392"]
[Annotator "TA"]
[PlyCount "66"]
[EventDate "2017.??.??"]
[EventType "swiss"]
[EventCountry "LAT"]
[SourceTitle "playchess.com"]
[Source "ChessBase"]
[SourceQuality "1"]

{[%evp 9,66,12,24,42,25,-14,2,-59,-42,-69,-54,-100,-118,-166,-164,-184,-180,-188,-199,-189,-177,-218,-204,-218,-169,-225,-215,-260,-221,-308,-308,-302,-295,-394,-391,-460,-458,-436,-440,-463,-447,-784,-784,-791,-784,-774,-781,-1031,-1009,-1056,-1000,-2051,-2037,-2712,-2612,-29983,-29984,-29984,-29985]} 1. c4 e5 2. Nc3 f5 3. d4 e4 4. g4 (4. g3 c6 5. h4 Be7 6. Nh3 Nf6 7. Nf4 Na6 8. d5 Bd6 9. Bg2 O-O 10. O-O Qe7 11. f3 exf3 12. exf3 {1-0 (40) Kraus,T (2426)-Rohacek,M (2330) Ceske Budejovice 2016}) 4... Bb4 5. gxf5 Bxc3+ 6. bxc3 {A21: English Opening: 1...e5 2 Nc3} d6 7. h4 $146 ({Predecessor:} 7. Bh3 Nd7 8. Bf4 Qh4 9. e3 Nh6 10. Bg3 Qe7 11. Qh5+ Kf8 {1-0 (40) Dornieden,M (2279)-Reichenbach,W (2305) Templin 2004}) 7... Bxf5 8. Qd2 (8. Bh3 $11 Qd7 9. Bxf5 Qxf5 10. Rb1) 8... Nf6 9. h5 h6 10. Qf4 {[#]} Qd7 $1 11. e3 O-O 12. Ne2 Nc6 {[%cal Bb8c6,Bc6a5,Ba5c4][%mdl 32]} 13. Qg3 Na5 14. Nf4 Qa4 {[#] And now ...Nb3! would win.} 15. Be2 Nxc4 16. Rb1 Qc6 17. Ng6 (17. a4 {was necessary.}) 17... Rf7 $19 {[%cal Bf8f7,Bf7f5,Bf5g5][%mdl 32]} 18. O-O b5 19. Nh4 Nd5 20. Rb3 a5 21. Nxf5 Rxf5 22. Bg4 Rg5 23. f4 exf3 24. Qxf3 Qe8 {Hoping for ...Nf6.} 25. Kh1 (25. Rb2 $142 Nxb2 26. e4) 25... Ndxe3 26. Bh3 Nxf1 ({Weaker is} 26... Rxh5 27. Bxe3 a4 28. Rbb1 $17) 27. Bxg5 Nfd2 28. Qd5+ Kh8 29. Bxd2 Nxd2 30. Rb2 Qe1+ 31. Kg2 Rf8 {( -> ...Rf2+)} 32. Bf5 Qf1+ 33. Kg3 Rxf5 {Precision: White = 16%, Black = 82%.} 0-1

[Event "7th RTU Open 2017"]
[Site "Riga"]
[Date "2017.08.08"]
[Round "2"]
[White "Stocek, Jiri"]
[Black "Nesteretz, Anatoliy"]
[Result "1-0"]
[WhiteElo "2583"]
[BlackElo "2375"]
[Annotator "TA"]
[PlyCount "61"]
[EventDate "2017.??.??"]
[EventType "swiss"]
[EventCountry "LAT"]
[SourceTitle "playchess.com"]
[Source "ChessBase"]
[SourceQuality "1"]

{[%evp 12,61,39,39,78,56,64,31,30,25,43,0,2,17,102,105,79,89,104,92,87,53,68,66,86,72,59,35,41,36,83,78,79,82,237,235,263,261,254,245,299,270,486,528,510,487,594,615,669,656,1677,1661]} 1. d4 Nf6 2. c4 g6 3. Nc3 Bg7 4. e4 d6 5. Be2 O-O 6. Be3 Na6 7. Nf3 Qe8 {E91: King's Indian: Classical: 6 Be2, unusual replies including 6...c5 and 6...Bg4} (7... Ng4 8. Bg5 h6 9. Bh4 c5 10. O-O g5 11. Bg3 Nf6 12. dxc5 Nxc5 13. Nd2 a5 14. Rc1 e5 15. Re1 {0-1 (38) Horvath,C (2537)-Naiditsch,A (2710) Hungary 2015}) 8. O-O Ng4 9. Bc1 e5 {White is slightly better.} 10. h3 Nf6 11. Be3 {White wants to play dxe5.} exd4 12. Bxd4 c5 $146 (12... b6 $11) ({Find the theoretical novelty and annotate with similar games:} 12... Nxe4 13. Bxg7 Kxg7 14. Qd4+ Nf6 15. Nd5 Qd8 16. Ng5 {1-0 (27) Chuprikov,D (2404)-Chekhov,S (2251) Voronezh 2007}) 13. Bxf6 $1 $16 Bxf6 14. Qxd6 Bxc3 15. bxc3 Qxe4 16. Bd3 Qe6 17. Qf4 f5 18. Rae1 Qf6 19. Qh6 Qg7 20. Qh4 {[#] Threatens to win with Re7.} Qf6 21. Ng5 $36 {[%csl Gg5][%cal Rh4h7][%mdl 2048] Black is under strong pressure.} Qg7 22. f4 Nb8 $2 {[#]} (22... Bd7 $16 {is a better defense.}) 23. Be2 $1 $18 Nc6 24. Bf3 Bd7 25. Rd1 h5 26. Qf2 Nd8 $2 (26... Rae8 {might work better.} 27. Qxc5 Kh8) 27. Qxc5 {White is clearly winning.} Bc6 28. Bxc6 bxc6 29. Rfe1 Qxc3 30. Re7 Nf7 31. Qxc6 {Precision: White = 83%, Black = 38%.} 1-0

[Event "7th RTU Open 2017"]
[Site "Riga"]
[Date "2017.08.08"]
[Round "2"]
[White "Braun, Arik"]
[Black "Stauskas, Lukas"]
[Result "1-0"]
[WhiteElo "2577"]
[BlackElo "2372"]
[Annotator "TA"]
[PlyCount "73"]
[EventDate "2017.??.??"]
[EventType "swiss"]
[EventCountry "LAT"]
[SourceTitle "playchess.com"]
[Source "ChessBase"]
[SourceQuality "1"]

{[%evp 22,73,41,47,81,67,80,75,85,57,96,87,92,81,102,56,97,81,143,127,140,142,139,142,136,124,123,92,148,103,246,237,246,220,276,253,250,271,310,285,295,227,273,191,403,396,365,319,318,315,439,426,429,427]} 1. d4 c5 2. d5 g6 3. e4 Bg7 4. Nf3 d6 5. Nc3 Nf6 6. Bb5+ Nbd7 7. a4 O-O 8. O-O Ne8 9. Re1 Nc7 10. Bf1 a6 {A43: Schmid Benoni} (10... b6 11. Bf4 Bb7 12. Qd2 Ne5 13. Nxe5 dxe5 14. Be3 Qd6 15. a5 f5 16. f3 Kh8 17. Red1 Bf6 18. Ra3 Rfd8 {½-½ (72) Sjugirov,S (2665)-Novikov,M (2513) Kolomna 2016}) 11. Bf4 Rb8 12. Qd2 {LiveBook: 4 Games} Re8 {White is slightly better.} 13. a5 $146 ({Predecessor:} 13. e5 Nxe5 14. Nxe5 dxe5 15. Bxe5 Bf5 16. a5 Bxe5 17. Rxe5 {1-0 (40) Cifuentes Parada,R (2530)-Valiente,C (2320) Buenos Aires 1988}) 13... b5 14. axb6 $1 Rxb6 15. Ra2 Nb5 16. Na4 Rb8 17. c3 Bb7 18. h3 Qc7 19. Bc4 Ne5 (19... Nf8 $142) 20. Nxe5 $16 Bxe5 21. Bxe5 dxe5 22. b3 {[%cal Bb2b3,Bb3c4,Bc4d5][%mdl 32]} Nd6 23. Nb2 Bc8 24. Qc2 Qb6 (24... a5 $142) 25. Nd3 Nxc4 (25... e6 $16 {was necessary.}) 26. bxc4 $18 Qc7 27. Rea1 e6 28. Ra5 exd5 29. Rxc5 Qb6 30. cxd5 Bd7 31. c4 f5 32. Rca5 {Threatens to win with Qc3.} fxe4 $2 {[#]} (32... Qd4 33. Rd1 (33. Rxa6 fxe4 34. Ne1 Rec8 $14) 33... fxe4) 33. Nc5 Bf5 34. Qc3 ({Worse is} 34. Nxe4 Qd4 $15) 34... Rbc8 35. Qe3 ({Don't play} 35. Nxa6 $6 Qd4 $18) 35... Rc7 36. g4 Bc8 37. Nxe4 {Precision: White = 62%, Black = 33%.} 1-0

[Event "7th RTU Open 2017"]
[Site "Riga"]
[Date "2017.08.08"]
[Round "2"]
[White "Alekseenko, Kirill"]
[Black "Haubro, Martin"]
[Result "1-0"]
[WhiteElo "2575"]
[BlackElo "2367"]
[Annotator "TA"]
[PlyCount "57"]
[EventDate "2017.??.??"]
[EventType "swiss"]
[EventCountry "LAT"]
[SourceTitle "playchess.com"]
[Source "ChessBase"]
[SourceQuality "1"]

{[%evp 20,57,22,22,35,28,26,14,15,16,8,0,35,14,36,33,117,62,66,50,94,33,75,52,64,59,73,89,116,91,94,92,187,207,209,33,605,566,1275,1239]} 1. e4 e5 2. Nf3 Nc6 3. Bb5 Nf6 4. d3 d6 5. O-O Be7 6. c3 O-O 7. Re1 a6 8. Ba4 Re8 9. Nbd2 Bf8 10. Nf1 h6 11. Ng3 b5 {C77: Ruy Lopez: 3...a6 4 Ba4 Nf6, unusual lines} 12. Bc2 d5 13. Qe2 d4 {The position is equal.} 14. h3 Be6 15. Bd2 Nd7 16. cxd4 exd4 17. Nh5 {[#]} f6 $146 ({Black should try} 17... a5 $14) ({Find the theoretical novelty and annotate with similar games:} 17... Nb6 18. Nf4 Bc8 19. Bb3 {0-1 (45) Swiercz,D (2620)-Fressinet,L (2702) Berlin 2015}) 18. Qd1 (18. Rec1 $16) 18... Kh7 $14 19. Rc1 Bf7 20. Ng3 (20. Nh4 $16) 20... Nc5 21. b4 Ne6 22. a3 {Hoping for Bb3.} a5 23. Bb3 $36 {[%mdl 2048] White is in control.} Ra6 {[%cal Ra5b4]} 24. e5 axb4 25. axb4 {Threatens to win with exf6.} Nxb4 (25... Nxe5 $16 {keeps fighting.} 26. Nxe5 fxe5) 26. exf6 $18 gxf6 {[#]} 27. Nh4 $2 ({Only move:} 27. Re4 $1 $18) 27... Nc6 $2 {[%mdl 8192]} (27... f5 $14 28. Bxe6 (28. Ngxf5 Nxd3 29. Bxe6 Rexe6 $15) 28... Rexe6 29. Rxe6 Rxe6) 28. Qf3 Qd7 29. Ne4 {Precision: White = 47%, Black = 22%.} 1-0

[Event "7th RTU Open 2017"]
[Site "Riga"]
[Date "2017.08.08"]
[Round "2"]
[White "Brunello, Sabino"]
[Black "Quillan, Gary"]
[Result "1/2-1/2"]
[WhiteElo "2566"]
[BlackElo "2361"]
[Annotator "TA"]
[PlyCount "53"]
[EventDate "2017.??.??"]
[EventType "swiss"]
[EventCountry "LAT"]
[SourceTitle "playchess.com"]
[Source "ChessBase"]
[SourceQuality "1"]

{[%evp 21,53,56,45,54,52,45,52,43,45,41,42,18,30,0,0,0,0,-11,15,9,24,0,0,-8,0,-27,-27,-27,-27,-29,-18,-28,0,0]} 1. d4 e6 2. c4 Nf6 3. Nf3 c5 4. d5 exd5 5. cxd5 d6 6. Nc3 g6 7. e4 Bg7 8. Be2 O-O 9. O-O Bg4 10. Bf4 Bxf3 11. Bxf3 Ne8 {[%cal Bf6e8,Be8c7,Bc7b5,Bb5d4][%mdl 32] LiveBook: 10 Games. A73: Modern Benoni: Classical: Unusual Black 9th moves} 12. Qd2 (12. Qb3 Qc7 13. Be2 a6 14. Bg5 Bf6 15. Be3 Nd7 16. f4 Bd4 17. Nd1 Bxe3+ 18. Qxe3 Nef6 19. Nf2 {½-½ (60) Bacrot,E (2705)-Cyborowski,L (2543) Germany 2011}) 12... Nd7 13. Rfe1 Qe7 $146 {White is slightly better.} ({Predecessor:} 13... Rb8 14. a4 a6 15. Be2 Bf6 16. a5 Qe7 17. Bf1 Nc7 18. Bg3 Na8 19. Kh1 {½-½ (69) Manojlovic,S (2166)-Toth,G (2172) Hungary 2002}) 14. h3 Nc7 15. Be2 a6 16. Bf1 b5 {[%cal Bb7b5,Bb5b4][%mdl 32]} 17. Bg3 b4 18. Nd1 Nb5 19. f3 {[%cal Bf2f3,Bf3f4][%mdl 32]} Nb6 20. Ne3 Qd7 21. f4 Nd4 22. Rad1 f5 23. Nc4 Nxc4 24. Bxc4 fxe4 25. Rxe4 a5 26. Kh2 Rf7 27. Bf2 {Precision: White = 31%, Black = 62%.} 1/2-1/2

[Event "7th RTU Open 2017"]
[Site "Riga"]
[Date "2017.08.08"]
[Round "2"]
[White "Zeng, Chongsheng"]
[Black "Kleinman, Michael"]
[Result "0-1"]
[WhiteElo "2537"]
[BlackElo "2340"]
[Annotator "TA"]
[PlyCount "86"]
[EventDate "2017.??.??"]
[EventType "swiss"]
[EventCountry "LAT"]
[SourceTitle "playchess.com"]
[Source "ChessBase"]
[SourceQuality "1"]

{[%evp 14,86,18,28,33,23,20,13,34,0,19,-34,-11,-25,-24,-29,-24,-109,-108,-100,-90,-112,-95,-130,-93,-101,-41,-44,-33,-41,-25,-30,-15,-67,-62,-50,-52,-83,-79,-106,-100,-127,-115,-123,-98,-91,-51,-56,-54,-133,-128,-133,-72,-498,-62,-52,0,0,321,27,34,28,154,20,82,0,0,-47,-41,-31,0,-29987,-29988,-29993,-29994]} 1. e4 c5 2. Nf3 e6 3. d4 cxd4 4. Nxd4 Nc6 5. Nc3 Qc7 6. Be3 a6 7. Qd2 Nf6 8. O-O-O Be7 {B48: Sicilian: Taimanov: 5 Nc3 Qc7 6 Be3 a6 without Be2} 9. f3 (9. f4 b5 10. e5 b4 11. exf6 bxc3 12. Qxc3 Bxf6 13. g4 h6 14. h4 Bb7 15. Rh2 Rc8 16. Qd2 Nxd4 17. Bxd4 Bxd4 18. Qxd4 {½-½ (49) Jakovenko,D (2703)-Inarkiev,E (2707) Geneve 2017}) 9... b5 10. Kb1 h5 {[%cal Bh7h5,Bh5h4][%mdl 32] The position is equal.} 11. Qf2 d6 12. Nb3 (12. h3 $11) 12... Bd7 $15 13. Qg3 $146 ({Find the theoretical novelty and annotate with similar games:} 13. a3 Rb8 14. Bc1 b4 15. axb4 Nxb4 16. Rd4 a5 17. Rc4 {0-1 (53) Nowicki,B (2256)-Jarmula,P (2140) Lazy 2014}) 13... h4 14. Qf2 Rb8 15. Ne2 (15. a3 $11 {remains equal.}) 15... Ne5 $17 (15... Nb4 $6 16. Nec1 $11) 16. Qe1 Nc4 17. Bf4 Rc8 18. c3 Qb6 19. Nd2 Ne5 (19... d5 $17 20. Nd4 O-O) 20. Nc1 $15 a5 21. Qe3 Qb7 22. Be2 Bc6 23. Ndb3 (23. Ncb3 $11) 23... Ra8 24. Nd4 Bd7 25. Bg5 Nc4 26. Bxc4 bxc4 27. Rhe1 Rb8 {[%csl Gb8][%cal Rb7b2]} 28. Rd2 Rh5 29. f4 {[#]} Rxg5 $1 {[%mdl 512]} 30. fxg5 Ng4 $1 {[%csl LRe3,LRh2]} 31. Qh3 (31. Qf4 $2 e5 $19) (31. Qf3 $1 $15 Bxg5 32. Rde2) 31... Bxg5 $17 32. Rc2 Ne5 (32... Ba4 $142 $1 {[%cal Ra4c2]} 33. b3 Ne5) 33. Nf3 $2 {[%mdl 8192]} (33. Rce2 $17) 33... Bxc1 $2 ({Better is} 33... Nd3 $19 34. Nxg5 Nxb2) 34. Rexc1 $15 {Threatens to win with Nxe5.} Nd3 (34... Qxe4 $15 35. Nxe5 dxe5) 35. Qxh4 $11 {aiming for e5.} a4 $2 {[%mdl 8192]} ({But not} 35... Nxb2 $6 36. Ka1 $16) (35... Ba4 $11 {and Black stays safe.} 36. Rd2 Nxc1 37. Kxc1 f6) 36. Qh8+ $2 ({White should try} 36. Rf1 $18) 36... Ke7 $14 37. Qxg7 {Hoping for e5.} a3 {[#]} (37... Nxc1 $11 {keeps the balance.} 38. Kxc1 Qxe4) 38. Ng5 (38. Rf1 $1 $16 Ba4 39. Rd2 Nxb2 40. Nd4 Nd1+ 41. Nb3) 38... Nxc1 $11 39. Rf2 (39. Qxf7+ $16 Kd8 40. Nxe6+ (40. Kxc1 Qb6 $16) 40... Bxe6 41. Qxe6) 39... Kd8 40. Kxc1 {Strongly threatening b3.} axb2+ 41. Kb1 Qa7 {[#] ( -> ...Qxa2+!)} (41... Qa6 $5 {[%cal Ra6a2]} 42. Qf6+ Kc8 43. Rxb2 Rxb2+ 44. Kxb2 Qb6+ 45. Kc2 Ba4+ 46. Kd2 Qb2+ 47. Ke3 Qxg2 48. Nxf7 Qg1+ 49. Qf2 Qc1+ 50. Qd2 Qg1+ 51. Qf2 Qc1+ 52. Qd2 Qg1+ 53. Qf2 $11) 42. Qf6+ $2 {[%mdl 8192]} (42. Nxe6+ $1 $11 {[%mdl 512]} Bxe6 43. Qf8+ Kc7 44. Qe7+ Kb6 45. Qxd6+ (45. Rxb2+ Ka6 $11) 45... Kb7 46. Rxb2+ Kc8 47. Rxb8+ Qxb8+ 48. Qxb8+ Kxb8 49. Kc2) 42... Kc7 43. a4 Qxa4 {Precision: White = 26%, Black = 54%.} 0-1

[Event "7th RTU Open 2017"]
[Site "Riga"]
[Date "2017.08.08"]
[Round "2"]
[White "Berelowitsch, Alexander"]
[Black "Srinath, Rao S V"]
[Result "1-0"]
[WhiteElo "2527"]
[BlackElo "2324"]
[Annotator "TA"]
[PlyCount "79"]
[EventDate "2017.??.??"]
[EventType "swiss"]
[EventCountry "LAT"]
[SourceTitle "playchess.com"]
[Source "ChessBase"]
[SourceQuality "1"]

{[%evp 19,79,10,20,0,37,0,31,30,29,10,33,8,48,38,75,76,125,124,145,137,133,125,175,175,175,161,173,176,221,214,212,203,254,247,280,280,280,275,269,258,300,306,296,285,381,367,486,506,485,476,590,590,667,537,702,691,824,829,827,813,1016,962]} 1. e4 {[%cal Be2e4,Be4e5][%mdl 32]} e6 2. d4 d5 3. Nd2 Be7 4. Ngf3 Nf6 5. e5 Nfd7 6. Bd3 c5 7. c3 b6 8. O-O Ba6 9. Bxa6 Nxa6 10. Re1 b5 {LiveBook: 12 Games. C05: French Tarrasch: 3...Nf6 4 e5 Nfd7, 5 f4 and 5 Bd3 sidelines} (10... O-O) 11. Qe2 c4 12. Nf1 Nb6 {The position is equal.} 13. Ng3 $146 ({Predecessor:} 13. Bd2 h6 14. b3 Nc7 15. a4 a5 16. Reb1 bxa4 17. bxa4 Rb8 18. Ra2 {0-1 (58) Tsaruk,M (2003)-Srinath,R (2279) St Petersburg 2016}) 13... h5 {[%cal Bh7h5,Bh5h4][%mdl 32]} 14. Qe3 Nc7 15. Qf4 h4 16. Ne2 b4 17. Qg4 g6 {[#]} 18. cxb4 $1 Bxb4 19. Bg5 Be7 20. b3 a5 21. Bxe7 Qxe7 {[#]} 22. Rab1 $1 Kd7 23. h3 ({Don't do} 23. bxc4 $6 Nxc4 24. Nf4 Rab8 $16) 23... Rab8 24. Nc3 {[%cal Be2c3,Bc3a4,Ba4c5][%mdl 32]} cxb3 25. axb3 ({Much less strong is} 25. Rxb3 $6 Nc4 $16) 25... Ra8 26. Rec1 Ra7 27. Qf4 Ke8 28. Na4 Nd7 29. Nc5 Nb6 30. Ra1 Kf8 31. Qd2 Kg7 32. Rxa5 Rha8 33. Rxa7 {White is clearly winning.} Rxa7 34. Nh2 {[%cal Bf3h2,Bh2g4,Bg4h6][%mdl 32]} Ne8 35. Ng4 Kg8 36. Kh2 Ra8 37. Rc3 Nd7 38. Nxd7 Qxd7 39. Rf3 Qe7 40. Nh6+ {Precision: White = 83%, Black = 21%.} 1-0

[Event "7th RTU Open 2017"]
[Site "Riga"]
[Date "2017.08.08"]
[Round "2"]
[White "Blomqvist, Erik"]
[Black "Meissner, Felix"]
[Result "1-0"]
[WhiteElo "2525"]
[BlackElo "2320"]
[Annotator "TA"]
[PlyCount "71"]
[EventDate "2017.??.??"]
[EventType "swiss"]
[EventCountry "LAT"]
[SourceTitle "playchess.com"]
[Source "ChessBase"]
[SourceQuality "1"]

{[%evp 13,71,40,40,40,45,35,40,40,45,45,92,86,89,32,33,34,137,125,133,121,114,123,122,114,115,115,115,116,116,108,105,107,124,111,117,110,135,132,146,132,177,190,308,298,261,263,345,339,462,453,421,339,933,892,1287,1154,29972,29975,29974,29975]} 1. e4 g6 2. d4 c6 3. Nc3 d5 4. Nf3 dxe4 5. Nxe4 Nf6 (5... Bf5 6. Bd3 Bg7 7. c3 Nd7 8. O-O Bxe4 9. Bxe4 Ngf6 10. Bc2 O-O 11. Re1 Re8 12. Bf4 a5 13. h3 {1-0 (61) Wirig,A (2486)-Battaglini,G (2475) Chartres 2017}) 6. Nxf6+ {B15: Caro-Kann: 3 Nc3: 3...g6 and 3...dxe4 4 Nxe4 Nf6 5 Nxf6+ exf6} exf6 7. Bc4 Bg7 {LiveBook: 3 Games} 8. Qe2+ {White is slightly better.} Qe7 9. Qxe7+ Kxe7 10. O-O Be6 11. Re1 b5 $146 ({Predecessor:} 11... Kd7 12. Be2 Rd8 13. h3 {1-0 (51) Ducarmon,Q (2368)-Knol,G (2130) Maastricht 2012}) 12. Bb3 Kd7 13. Nd2 ({Better is} 13. d5 $16 Bxd5 14. Bf4 Bxb3 15. axb3) 13... Re8 $14 14. Ne4 {[#] Threatens to win with Bh6!} Bxb3 (14... Na6 $14) 15. axb3 $16 {Hoping for Bd2.} a5 16. Nc5+ Kd8 {[%cal Re8e1]} 17. Bd2 Rxe1+ 18. Bxe1 f5 19. Rxa5 Rxa5 20. Bxa5+ {[%mdl 4096] Endgame KBN-KBN} Kc8 21. Bc3 Bf8 22. Nd3 Bd6 23. Bd2 Nd7 24. f3 f6 25. Kf2 h5 26. h4 Kd8 27. c4 {[%cal Bc2c4,Bc4c5][%mdl 32]} Ke8 (27... Bc7 $142 28. Nb4 Nb8) 28. c5 $18 Bc7 {[#]} 29. Bf4 $1 {[%cal Rf4c7]} Ba5 30. Bd6 Nf8 31. b4 Bd8 {Now ...Ne6 and Black clings on.} 32. Nf4 g5 $2 (32... Be7 33. Bxe7 Kxe7) 33. Bxf8 gxf4 34. Bd6 Kd7 35. d5 cxd5 36. Ke2 {Precision: White = 82%, Black = 33%.} 1-0

[Event "7th RTU Open 2017"]
[Site "Riga"]
[Date "2017.08.08"]
[Round "2"]
[White "Schneider, Ilja"]
[Black "Rogule, Laura"]
[Result "1-0"]
[WhiteElo "2519"]
[BlackElo "2314"]
[Annotator "TA"]
[PlyCount "79"]
[EventDate "2017.??.??"]
[EventType "swiss"]
[EventCountry "LAT"]
[SourceTitle "playchess.com"]
[Source "ChessBase"]
[SourceQuality "1"]

{[%evp 18,79,48,59,52,49,48,35,24,20,28,24,23,6,-3,-39,32,24,151,139,146,156,284,277,306,308,481,480,444,195,406,396,408,397,393,385,457,396,473,468,456,463,456,454,616,612,607,576,510,438,918,907,1041,1015,1936,1625,12841,12841,12841,12842,12842,12843,12843,12843]} 1. d4 Nf6 2. c4 e6 3. g3 c5 4. Nf3 b6 5. d5 (5. Bg2 Bb7 6. d5 exd5 7. cxd5 g6 8. Nc3 Bg7 9. Bf4 O-O 10. O-O a6 11. Nd2 Nh5 12. Bd6 Re8 13. a4 a5 14. Nc4 Na6 {1-0 (34) Radjabov,T (2734)-Harikrishna,P (2727) Beijing 2014}) 5... Ba6 6. Qb3 {E10: Blumenfeld Gambit} exd5 7. cxd5 Be7 8. Nc3 O-O 9. Bg2 d6 10. O-O {LiveBook: 4 Games} Re8 11. Re1 Bf8 $146 ({Predecessor:} 11... Nbd7 12. a4 Bf8 13. e4 Bd3 {½-½ (46) Tancik,K (2123)-Govedarica,R (2415) Senta 2006}) 12. Nd2 Nbd7 {[%cal Bb8d7,Bd7e5,Be5g4][%mdl 32]} 13. a4 Ne5 14. Nb5 Bb7 15. f4 Neg4 16. e3 h5 ({Black should try} 16... a6 $15 17. Na3 c4 $1 {[%mdl 512]} 18. Naxc4 Bxd5) 17. Qd3 $14 Qc8 {[#]} (17... g6 $11) 18. Nc4 $1 $16 Qd8 19. Bd2 h4 (19... a6 $16 {was necessary.}) 20. h3 $18 ({But not} 20. gxh4 $6 a6 $16) 20... hxg3 {Strongly threatening ...Nf2.} 21. hxg4 Nxg4 (21... a6 $142) 22. e4 Qh4 23. Ncxd6 (23. Ra3 $142) 23... Ba6 $2 (23... c4 {was worth a try.} 24. Qd4 (24. Qxc4 Ba6 $18) 24... Ba6) 24. Nf5 ({Weaker is} 24. Nxe8 c4 $18) 24... Qh2+ 25. Kf1 g6 26. Qxg3 Bxb5+ 27. axb5 gxf5 28. Qxh2 {White is clearly winning.} Nxh2+ 29. Kg1 Ng4 {If only Black now had time for ...fxe4....} 30. e5 f6 {[%cal Rf6e5]} 31. d6 Rad8 32. Bd5+ Kh8 33. Bf7 fxe5 (33... Nxe5 $142 34. Bxe8 Nf3+ 35. Kf2 Nxe1 36. Rxe1 Rxd6) 34. Bxe8 Rxe8 35. fxe5 Bg7 36. Bc3 Nxe5 37. Bxe5 Bxe5 {[#]} 38. Rxe5 $1 {[%mdl 512]} Rxe5 39. d7 Rd5 40. Rxa7 {Precision: White = 75%, Black = 33%.} 1-0